000 00617nam a2200157 4500
008 708 R349a
020 _a9074816215
082 _a708
_bR349a
100 _aReichek, Elaine
_96587
245 _aElaine Reichek
260 _aBruselas
_bSocieté des Expositions
_c2000
300 _a82 p.
_bill (col)
_c24.2 x 21 cm
505 _tElaine Reichek:Memos for the New Millennium
_tPlates
_tAt Home & in the World
_rElaine Reichek
_tPlantes and sources
_tBiography and bibliography
650 _xarte contemporáneo
_xarte - exhibiciones
_xarte visual
_xarte - bordados
_x Estados Unidos
_96588
700 _aChampese, Marie-Thérèse
_96589
999 _c1580
_d1580